US Cities That Held a Rank The Most Decades - Statistics

General Stats
  • This quiz has been taken 44 times
  • The average score is 9 of 15
Answer Stats
Rank City Decade % Correct
1 New York City 23 Decades
100%
5 Boston 5 Decades
95%
2 Chicago 12 Decades
92%
3 Philadelphia 8 Decades
87%
4 Philadelphia 5 Decades
87%
9 Washington D.C. 4 Decades
76%
6 Baltimore 4 Decades
71%
7 Baltimore 5 Decades
71%
10 Pittsburgh 2 Decades
61%
10 Cleveland 2 Decades
58%
8 St Louis 4 Decades
45%
10 Buffalo 2 Decades
39%
10 Albany 2 Decades
34%
10 San Jose 2 Decades
13%
10 Southwark 2 Decades
8%
No matching quizzes found
Score Distribution
Percent of People with Each Score
Percentile by Number Answered
Your Score History
You have not taken this quiz